Normal People Things-Lovejoy Lyric Quiz - Statistics

General Stats
  • This quiz has been taken 29 times
  • The average score is 144 of 220
Answer Stats
Hint Answer % Correct
a
100%
I
100%
in
88%
just
88%
me
88%
my
88%
normal
88%
people
88%
silence
88%
then
88%
thing
88%
things
88%
to
88%
you
88%
Bridge You
88%
and
75%
back
75%
blessing
75%
do
75%
here
75%
it
75%
it's
75%
lie
75%
like
75%
meet
75%
Pre-Chorus So
75%
what
75%
your
75%
as
63%
attack
63%
dead
63%
eyes
63%
fine
63%
make
63%
Refrain Oh
63%
Intro Panic
63%
someone
63%
the
63%
too
63%
track
63%
we
63%
anyway
50%
backing
50%
breath
50%
chest
50%
come
50%
days
50%
different
50%
games
50%
gave
50%
go
50%
hide
50%
Chorus Hold
50%
hold
50%
makeup
50%
medicating
50%
mine
50%
myself
50%
neck
50%
off
50%
pray
50%
probably
50%
rash
50%
refuse
50%
rub
50%
same
50%
see
50%
shaving
50%
Verse Spending
50%
stubble
50%
that
50%
using
50%
wait
50%
was
50%
weight
50%
while
50%
with
50%
yes
50%
aftertaste
38%
background
38%
before
38%
blink
38%
but
38%
cerebellum
38%
for
38%
harmless
38%
honestly
38%
hum
38%
I'll
38%
let
38%
lost
38%
much
38%
play
38%
razor
38%
self
38%
sensitive
38%
since
38%
skin
38%
think
38%
unpleasant
38%
win
38%
worth
38%
you'll
38%
hope
25%
No matching quizzes found
Score Distribution
Percent of People with Each Score
Percentile by Number Answered
Your Score History
You have not taken this quiz